00744nam a22002055i 450000100060000000300090000600500170001500700030003200800410003504000200007610000210009624500480011726000920016530000450025749000380030250000670034060000370040783000380044485200560048253120ES-MaACL20250805064133.0t|950907s1890 fr ||||1| fre d aCAM bspa cCAM1 aDu Camp, Maxime.10aThéophile Gautier / cpar Maxime Du Camp. aParis : bLibrairie Hachette et Cie., c1890 (eCoulommiers :fimprimerie Paul Brodard) a200, [1] p., [1] h. de lám. ; c19 cm.1 aLes grands écrivains français aLa h. de lám., reprod.. de una fot. de Théophile Gautier.14aGautier, Théophile,d1811-18720 aLes grands écrivains français aES-MaACLjB-3185(1) z.- Encuadernado con otra obra